banner koha

Bioeconomic evaluation of allelopathic crop leachates integrated with reduced doses of herbicide for horse purslane management in maize under field conditions (Registro n. 9753)

MARC details
000 -LÍDER
fixed length control field 02988nab a2200313 i 4500
003 - CÓDIGO MARC DA AGÊNCIA CATALOGADORA
Campo de controle BR-BrBNA
005 - DATA E HORA DA ÚLTIMA ATUALIZAÇÃO
Campo de controle 20230928190324.0
008 - CAMPO DE TAMANHO FIXO
fixed length control field 230807b2020 bl.ar|pooa||| 00| 0 eng |
040 ## - FONTE DA CATALOGAÇÃO
Agência catalogadora BR-BrBNA
Idioma da catalogação eng
072 ## - CATEGORIA AGRIS
Código AGRIS H60
Código do objeto 0120
072 ## - CATEGORIA AGRIS
Código AGRIS T01
100 ## - ENTRADA PRINCIPAL - NOME PESSOAL
Nome pessoal Mushtaq, M.N.
100 ## - ENTRADA PRINCIPAL - NOME PESSOAL
Nome pessoal Hashmi, M.I.
100 ## - ENTRADA PRINCIPAL - NOME PESSOAL
Nome pessoal Tariq, T.
100 ## - ENTRADA PRINCIPAL - NOME PESSOAL
Nome pessoal Matloob, A.
100 ## - ENTRADA PRINCIPAL - NOME PESSOAL
Nome pessoal Hussain, S.
100 ## - ENTRADA PRINCIPAL - NOME PESSOAL
Nome pessoal Cheema, Z.A.
245 ## - TÍTULO PRINCIPAL
Título principal Bioeconomic evaluation of allelopathic crop leachates integrated with reduced doses of herbicide for horse purslane management in maize under field conditions
500 ## - NOTA GERAL
Nota geral Publicação on-line; 26 ref.; 2 tables; 4 illus.; Summary (En)
942 ## - ADDED ENTRY ELEMENTS (KOHA)
Koha item type
520 ## - NOTA DE RESUMO
Nota de conteúdo <br/>ABSTRACT<br/>Background: Continuous use of commercial herbicides is posing a<br/>severe threat to environment and creating herbicide resistant weeds.<br/>Allelopathy offers a promising alternative to commercial herbicides for<br/>sustainable weed management. The farmers are highly concerned with<br/>maximum yield as well as cost of the weed control techniques.<br/>Objective: To investigate economic and weed control efficiency of<br/>allelopathic crop water leachates mixed with lower rates of herbicide.<br/>Methods: Rapeseed (Brassica napus L.), sunflower (Helianthus annuus<br/>L.) and sorghum (Sorghum bicolor L.) crop leachates (18 L ha-1 each) tank<br/>mixed with lower doses (25, 33 and 50% of recommended dose) of<br/>S-metolachlor+atrazine were sprayed as pre-emergence for horse<br/>purslane (Trianthema portulacastrum L.) management in maize (Zea mays<br/>L.). Label dose (1,080 g a.i. ha-1) of herbicide (S-metolachlor+atrazine) and<br/>a weedy check treatment were also maintained.<br/>Results: The results showed that rapeseed+sunflower+sorghum<br/>allelopathic leachates mixed with half dose (540 g a.i. ha-1) of<br/>S-metolachlor+atrazine was effective against horse purslane and<br/>increased maize yield (grain) by 45% and 5% as compared with control<br/>and label dose of herbicide, respectively. Likewise, economic analysis<br/>showed that the same treatment was most economical with 40% and 9%<br/>higher net benefits than control and label dose of herbicide, respectively<br/>and 2407% marginal rate of return. It also gave an additional benefit of<br/>US$ 24.07 for investment of every US$1.<br/>Conclusions: By using this technique, herbicides use can be minimized<br/>by 50% for sustainable weed management without compromising maize<br/>yield and net benefits. <br/><br/>Keywords:<br/>Allelopathy<br/>bioeconomic<br/>integrated weed management<br/>marginal analysis<br/>Trianthema portulacastrum<br/>Zea mays.
650 ## - ASSUNTO - THESAGRO
Cabeçalho tópico ou nome geográfico ZEA MAYS
650 ## - ASSUNTO - THESAGRO
Cabeçalho tópico ou nome geográfico MILHO
650 ## - ASSUNTO - THESAGRO
Cabeçalho tópico ou nome geográfico ALELOPATIA
650 ## - ASSUNTO - THESAGRO
Cabeçalho tópico ou nome geográfico ERVA DANINHA
773 0# - ENTRADA ANALÍTICA
Host Biblionumber 886
Registro do item 1817
Imprenta Londrina-PR : Sociedade Brasileira da Ciência das Plantas Daninhas, 1978
Outro identificador 2023-031024
Título Planta Daninha (Brazil)
ISSN 0100-8358; 1806-9681 (on-line)
Colação v. 38 p. 1-7; (2020)
Número de controle de registro BR2023000840
856 ## - ACESSO E ENDEREÇO ELETRÔNICO
Identificador uniforme de recurso - URI https://www.scielo.br/j/pd/a/jMcWGfF3q7K37SS59QS63yQ/?format=pdf&lang=en

Nenhum exemplar disponível.

BINAGRI

Telefone: (61)3218-2567/2388/3357/2097 - binagri@agro.gov.br

Ministério da Agricultura e Pecuária , Esplanada dos Ministérios, Bloco D, Anexo B, Brasília/DF, CEP: 70.043-900